Chceme prvoligové hráče evropské a světové úrovně
Nové vývojové a konštrukčné prototypové centrum Siemensu v Prahe. Produkty určené pre globálny trh. Získavanie nových zamestnancov. Dôležitá firemná kultúra. Udržanie si lojálnych zamestnancov. Prvoligoví hráči európskej a medzinárodnej úrovne. Podpora talentov. Nové príležitosti v Priemysle 4.0. Kv...
Gespeichert in:
| 1. Verfasser: | |
|---|---|
| Weitere Verfasser: | |
| Format: | Buchkapitel |
| Sprache: | Tschechisch |
| Schlagworte: | |
| Tags: |
Keine Tags, Fügen Sie das erste Tag hinzu!
|
MARC
| LEADER | 00000naa a2200000 4500 | ||
|---|---|---|---|
| 001 | 0228832 | ||
| 005 | 20170327104435.4 | ||
| 041 | 0 | |a cze | |
| 044 | |a CZ | ||
| 245 | 1 | 0 | |a Chceme prvoligové hráče evropské a světové úrovně |c Hana Kejhová, Vladimír Kulla |
| 520 | |a Nové vývojové a konštrukčné prototypové centrum Siemensu v Prahe. Produkty určené pre globálny trh. Získavanie nových zamestnancov. Dôležitá firemná kultúra. Udržanie si lojálnych zamestnancov. Prvoligoví hráči európskej a medzinárodnej úrovne. Podpora talentov. Nové príležitosti v Priemysle 4.0. Kvalita topmanažmentu. | ||
| 610 | 2 | 0 | |a zamestnanci |
| 610 | 2 | 0 | |a sily pracovné |
| 610 | 2 | 0 | |a výber pracovníkov |
| 610 | 2 | 0 | |a kultúra podniková |
| 610 | 2 | 0 | |a talenty |
| 610 | 2 | 0 | |a koncerny |
| 610 | 2 | 0 | |a technológie nové |
| 610 | 2 | 0 | |a vývoj |
| 610 | 2 | 0 | |a Česko |
| 100 | 1 | |a Kejhová, Hana | |
| 700 | 1 | |a Kulla, Vladimír | |